|
|
|
|
| LEADER |
00000nam0a2200000 4500 |
| 001 |
678651 |
| 005 |
20250305162724.0 |
| 090 |
|
|
|a 678651
|
| 100 |
|
|
|a 20250217d1872 k||y0rusy50 ba
|
| 101 |
0 |
|
|a eng
|
| 102 |
|
|
|a GB
|
| 105 |
|
|
|a a z 001yy
|
| 181 |
|
0 |
|a i
|b e
|
| 182 |
|
0 |
|a n
|
| 183 |
|
0 |
|a nc
|2 RDAcarrier
|
| 200 |
1 |
|
|a A rudimentary treatise on coal and coal-mining
|f Warington W. Smyth
|
| 203 |
|
|
|a Текст
|b визуальный
|c непосредственный
|
| 205 |
|
|
|a Second edition, revised and corrected
|
| 210 |
|
|
|a London
|c Lockwood & Co
|d 1872
|
| 215 |
|
|
|a [2], VIII, 253, [1] p.
|c il.
|
| 283 |
|
|
|a volume
|2 RDAcarrier
|
| 300 |
|
|
|a Раздельная пагинация страниц
|
| 300 |
|
|
|a В описании используется грамматика 19 века
|
| 316 |
|
|
|5 63413507: 9194
|a На авантитуле дарственная надпись: "Моему другу и товарищу Г. Д. Романовскому подарок из Лондона от ..."
|
| 316 |
|
|
|5 63413507: 9194
|a На титульном листе надпись карандашом.
|
| 316 |
|
|
|5 63413507: 9194
|a Пометы в тексте
|
| 317 |
|
|
|5 63413507: 9194
|a Приобретен ТТИ в 1908 г. для Горного отделения В. А. Обручевым и Л. Л. Тове из библиотеки профессора Горного института Г. Д. Романовского
|
| 320 |
|
|
|a Index: p. 251-253
|
| 541 |
1 |
|
|a Элементарный трактат об угле и угледобыче
|z rus
|
| 606 |
|
|
|a Угольная промышленность
|9 85992
|
| 610 |
1 |
|
|a угледобыча
|
| 610 |
1 |
|
|a уголь
|
| 610 |
1 |
|
|a происхождение
|
| 610 |
1 |
|
|a применение
|
| 610 |
1 |
|
|a добыча
|
| 610 |
1 |
|
|a шахты
|
| 610 |
1 |
|
|a угольные месторождения
|
| 610 |
1 |
|
|a Северная Америка
|
| 610 |
1 |
|
|a Англия
|
| 610 |
1 |
|
|a Европа
|
| 610 |
1 |
|
|a дарственные надписи
|
| 610 |
1 |
|
|a Библиотека Г. Д. Романовского
|
| 610 |
1 |
|
|a английский язык
|
| 675 |
|
|
|a 622.333
|v 4
|
| 700 |
|
1 |
|a Smyth
|b W. W.
|g Warington Wilkinson
|
| 801 |
|
0 |
|a RU
|b 63413507
|c 20250217
|
| 830 |
|
|
|a Ретро2025Каталогизация Кузнецова
|
| 850 |
|
|
|a 63413507
|
| 942 |
|
|
|c BK
|